Anatomie-Quiz: Alle Knochen mit „-bein“ im deutschen Namen - Statistiken

Allgemein
  • Dieses Quiz wurde 68 mal gespielt
  • Das Durchschnittsergebnis liegt bei 6 aus 23
Antwortstatistiken
Antworten % Korrekt
Nasenbein
69%
Steißbein
69%
Jochbein
61%
Schlüsselbein
56%
Wadenbein
56%
Schienbein
54%
Brustbein
44%
Schambein
37%
Stirnbein
35%
Fersenbein
20%
Kreuzbein
20%
Schläfenbein
19%
Darmbein
13%
Hinterhauptbein
13%
Zungenbein
11%
Keilbein
9%
Sitzbein
9%
Gaumenbein
7%
Scheitelbein
7%
Siebbein
6%
Sprungbein
4%
Tränenbein
2%
Pflugscharbein
0%
Keine übereinstimmenden Quizze gefunden
Verteilung der Resultate
Anzahl Personen mit jedem Resultat
Perzentil nach korrekt beantworteten Fragen
Ihre Resultats-Entwicklung
Sie haben dieses Quiz noch nicht gespielt